Francophone Countries - Statistics

General Stats
  • This quiz has been taken 359 times
  • The average score is 25 of 36
Answer Stats
Fluent French Speakers Country % Correct
62,492,900 France
100%
4,300,000 Belgium
91%
21,000,000 Algeria
90%
7,741,955 Canada
88%
4,144,500 Morocco
85%
1,170,000 Senegal
82%
1,509,600 Switzerland
81%
6,080,000 Democratic Republic of the Congo
80%
1,200,000 Republic of the Congo
80%
6,360,000 Tunisia
80%
1,107,000 Mali
78%
1,260,000 Niger
78%
1,940,000 Chad
76%
430,000 Luxembourg
73%
739,200 Benin
71%
2,950,300 Cameroon
71%
12,740,000 Ivory Coast
71%
2,000,000 Togo
71%
2,000,000 Guinea
70%
23,400 Monaco
70%
5,664,000 Haiti
69%
1,120,000 Gabon
67%
34,200 Andorra
64%
695,000 Burkina Faso
64%
167,400 Mauritania
63%
865,000 Madagascar
59%
609,000 Rwanda
55%
4,000 Seychelles
54%
390,000 Burundi
53%
180,000 Mauritius
53%
312,200 Comoros
52%
159,800 Djibouti
51%
945,000 Central African Republic
50%
684,000 Lebanon
44%
100,000 Equatorial Guinea
41%
99,000 Vanuatu
37%
No matching quizzes found
Score Distribution
Percent of People with Each Score
Percentile by Number Answered
Your Score History
You have not taken this quiz